Training for the theatre : premises & promises /

Bibliographic Details
Main Author: Saint-Denis, Michel, 1897-1971
Other Authors: Saint-Denis, Suria
Format: Book
Language:English
Published: New York : London : Theatre Arts Books ; Heinemann, [1982]
Subjects:

MARC

Tag First Indicator Second Indicator Subfields
LEADER 00000cam a2200000 a 4500
001 in00000366015
005 20151011080909.0
008 830106s1982 nyuaf 00110 eng
010 |a  81086083  
020 |a 0878305769 (pbk.) 
035 |a (OCoLC)09194850 
035 |9 ABP8739AM 
039 0 |a 2  |b 3  |c 3  |d 3  |e 3 
040 |a DLC  |c DLC  |d TXA  |d UtOrBLW 
049 |a TXAM  |c [1505616] 
050 0 0 |a PN2075  |b  S24 1982 
082 0 |a 792/.028  |2 19 
100 1 |a Saint-Denis, Michel,  |d 1897-1971. 
245 1 0 |a Training for the theatre :  |b premises & promises /  |c Michel Saint-Denis ; edited by Suria Saint-Denis. 
264 1 |a New York :  |b Theatre Arts Books ;  |a London :  |b Heinemann,  |c [1982] 
264 4 |c ©1982 
300 |a 243 pages, 8 unnumbered pages of plates :  |b illustrations ;  |c 21 cm. 
336 |a text  |b txt  |2 rdacontent 
337 |a unmediated  |b n  |2 rdamedia 
338 |a volume  |b nc  |2 rdacarrier 
500 |a Includes index. 
600 1 0 |a Saint-Denis, Michel,  |d 1897-1971. 
650 0 |a Acting  |x Study and teaching. 
700 1 |a Saint-Denis, Suria. 
999 |a MARS 
999 f f |s 57e1b41f-33f2-3b6d-9cc1-744e5b494746  |i 7f2413cb-231a-38b1-99ad-a2f89274f697  |t 0 
952 f f |p normal  |a Texas A&M University  |b College Station  |c Sterling C. Evans Library  |d Evans: Library Stacks  |t 0  |e PN2075 S24 1982  |h Library of Congress classification  |i unmediated -- volume  |m A14807436982 
998 f f |a PN2075 S24 1982  |t 0  |l Evans: Library Stacks